000 01180cam a22003377a 4500
003 CHAP
005 20220329140340.0
008 971013s1980 r 00010 d
010 _a50777
011 _a51749
035 _a55899
040 _cCHAP
082 _a972.727
_bV6
100 0 0 _aVogt, Evon Z.
_9120610
245 1 4 _aLos zinacantecos
_b: un pueblo Tzotizil de los Altos de Chiapas
260 _aMéxico, D.F. :
_bInstituto Nacional Indigenista,
_c1980
300 _a496 p.
_b: ilus. ; mapas
490 0 _aColección de antropología social
_v; 7
590 _aBATCH-UPD
_b10
_c20130110
_lUCH01
_h0220
590 _aBATCH-UPD
_b10
_c20130110
_lUCH01
_h2015
590 _aBATCH-UPD
_b10
_c20130410
_lUCH01
_h1334
590 _aBATCH-UPD
_b10
_c20130914
_lUCH01
_h1631
590 _aCONVERSION
_b10
_c20130109
_lUCH01
_h1328
650 1 4 _aIndios de Chiapas.
_957593
650 1 4 _aZinacantecos.
_9124053
830 0 _aColección de antropología social
_v; 7
_924781
901 _aBK
942 _cLIBRO
949 _a972.727 V6
_bBC
_cLIBRO
_d33724000139739
_eLIBRO
_fc.2
_h54030
_i55899
_si
_t250.00
949 _a972.727 V6
_bBC
_cLIBRO
_d33724000139747
_eLIBRO
_h54029
_i55899
_si
_t250.00
999 _c50777
_d50777